000 00884nam a2200265 i 4500
005 20220316235525.0
008 121119s2002 sp gs 000 j spa d
020 _a8489804516
040 _aCO-BoRNBP
_bspa
_cCO-BoRNBP
_erda
041 0 _aspa
100 1 _aErlbruch, Wolf,
_d1948-
_eautor
245 1 3 _aEl milagro del oso
_cWolf Erlbruch ; traducción, L. Rodriguez López
250 _aPrimera edición
264 1 _aMadrid
_bLóguez
_c2002
300 _a32 páginas
_bilustraciones a color
_c22 cm
336 _atexto
_btxt
_2rdacontent
337 _asin mediación
_bn
_2rdamedia
338 _avolumen
_bnc
_2rdacarrier
650 1 4 _aÁlbumes infantiles alemanes
_ySiglo XX
_2LEMB
650 1 4 _aLiteratura infantil alemana
_ySiglo XX
_2LEMB
650 1 4 _aOsos
_vÁlbum infantil
_2LEMB
700 1 _aRodríguez López, L.,
_etraductor
_916183
942 _2loc
_cBKLIT
084 _aA ERL1
999 _c1228
_d1228